| 000 | 00548nam a22002057a 4500 | ||
|---|---|---|---|
| 003 | AR-RoIUNI | ||
| 005 | 20191203122429.0 | ||
| 008 | 191203b xxu||||| |||| 00| 0 spa d | ||
| 020 | _a9788566165456 | ||
| 040 | _cIUNIR | ||
| 080 | _a34 MAC | ||
| 100 | 1 | _aMachado, Luís Fernando Pires | |
| 245 | 1 | 2 |
_aA lei que ensina a fazer leis _cLuís Fernando Pires Machado |
| 250 | _a1a. ed. | ||
| 260 |
_aBelo Horizonte _bEdiçoes Superiores _c2018 |
||
| 300 | _a298 p. | ||
| 650 | 1 | 0 |
_9106 _aDerecho |
| 650 | 1 | 0 | _aProceso legislativo |
| 942 |
_2cdu _cBK |
||
| 999 |
_c5123 _d5123 |
||